Geography Quiz

Random Geography or City Quiz

Largest US Cities Ending in 'E' Quiz Stats

Quiz Updated Apr 30, 2017

Challenge
Share
Tweet
Embed
Score 0/54 Timer 10:00
5 Plays Today
Population City % Correct
608,660Seattle
82.1%
601,222Nashville
75.8%
821,784Jacksonville
70.7%
620,961Baltimore
68%
731,424Charlotte
67.6%
597,337Louisville
65.8%
205,671Boise
63.3%
545,852Albuquerque
63.2%
594,833Milwaukee
62.5%
945,942San Jose
61.8%
181,376Tallahassee
58.7%
229,493Baton Rouge
54.7%
178,042Providence
51.1%
178,874Knoxville
49.4%
291,826Anchorage
46.6%
208,916Spokane
46.3%
195,111Mobile
46.3%
145,170Syracuse
44.2%
156,185Eugene
41.2%
161,719Tempe
39%
253,691Fort Wayne
36.9%
226,721Glendale
36.6%
191,719Glendale
36.6%
165,521Fort Lauderdale
34.8%
200,654Fayetteville
32.9%
217,385Scottsdale
32.7%
303,871Riverside
31.1%
Population City % Correct
212,375Irvine
29.6%
117,429Evansville
28.1%
180,105Huntsville
27.2%
175,023Brownsville
26.7%
120,623Lafayette
24.5%
222,209Chesapeake
24.1%
124,354Gainesville
22.3%
141,853Naperville
21.9%
117,063Abilene
20.5%
132,929Clarksville
18.1%
136,416Orange
18%
167,086Oceanside
16.9%
116,830Independence
16.7%
122,363Bellevue
16.5%
125,872Olathe
15.6%
164,603Port Saint Lucie
15.6%
152,750Palmdale
14.7%
139,824Mesquite
13.7%
175,396Grand Prairie
13.2%
145,438Torrance
13.2%
115,903Victorville
12.5%
153,015Elk Grove
12.5%
170,883Garden Grove
12.3%
140,081Sunnyvale
12.1%
117,517Surprise
11.9%
118,788Roseville
11.6%
113,475El Monte
11.1%

You're not logged in!

Compare scores with friends on all Sporcle quizzes.
Sign Up with Email
OR
Log In

You Might Also Like...

Show Comments

Extras

Top Quizzes Today


Score Distribution

Your Account Isn't Verified!

In order to create a playlist on Sporcle, you need to verify the email address you used during registration. Go to your Sporcle Settings to finish the process.